000 00636cab a2200241 4500
001 E84615
008 090401t1996 xxu||||| |||| 00| 0 eng d
035 _a(Sirsi) u79015
041 _aeng
100 _aBrymer, S.
245 _aTacit relocation
260 _c1996
350 _a0
490 _aProperty Law
_v(24) December 1996, 6-7(2)
520 _aExplains the use of tacit relocation in commercial leases.
650 _aCOMMERCIAL LEASES
650 _aNOTICE TO QUIT
650 _aQUIT NOTICES
650 _aTACIT RELOCATION
690 _aLANDLORD AND TENANT-BUSINESS TENANCIES
942 _n0
948 _c18/06/1997
999 _c49653
_d49653